Paroles "Les bannis ont droit d'amour" - Le bossu de notre dame Disney - Statistiques

Statistiques générales
  • Ce quiz a été pris 30 fois
  • Le résultat moyen est 116 sur 135
Statistiques - réponses
Chanteur Paroles % Correct
Ce
100%
ces
100%
d'amour
100%
de
100%
Esmeralda Je
100%
je
100%
100%
la
100%
le
100%
Les
100%
les
100%
ma
100%
mon
100%
ne
100%
ô
100%
sais
100%
Seigneur
100%
si
100%
Si
100%
à
95%
a
95%
Ciel
95%
Dieu
95%
droit
95%
En
95%
gloire
95%
humble
95%
jusqu'au
95%
l'on
95%
misère
95%
Moi
95%
moi
95%
mots
95%
ont
95%
que
95%
qu'on
95%
tu
95%
veux
95%
bannis
89%
entendra
89%
haut
89%
l'or
89%
mémoire
89%
ni
89%
rien
89%
son
89%
tout
89%
très
89%
appel
84%
car
84%
Car
84%
coeur
84%
des
84%
enfants
84%
faim
84%
miséreux
84%
Monteront
84%
Nul
84%
pain
84%
part
84%
qui
84%
sont
84%
un
84%
entendras
79%
Eternel
79%
gitane
79%
honore
79%
Immortel
79%
jour
79%
Mais
79%
Nous
79%
cette
74%
Dame
74%
désire
74%
doit
74%
Eclaire
74%
Entends
74%
mendier
74%
mes
74%
Notre
74%
prière
74%
Protège
74%
toi
74%
âme
68%
aux
68%
biens
68%
coeurs
68%
dans
68%
frères
68%
l'impure
68%
m'aime
68%
mendiants
68%
pour
68%
solitaires
68%
Grâce
63%
restes
63%
Roi
63%
sourd
63%
Ta
63%
toujours
63%
Fais
58%
j'espère
58%
l'exclue
58%
malheureux
58%
Tous
58%
implorons
53%
gueux
47%
Aucun quiz correspondant
Distribution des résultats
% des personnes avec chaque résultat
Percentile par nombre de réponses
Votre historique - résultats
Vous n’avez pas pris ce quiz